000 01207cam a2200301 a 4500
001 2596820
003 NUST-PNEC
005 20170116180737.0
008 970325s1998 njua b 001 0 eng
010 _a 97010661
020 _a0135705576
040 _aDLC
_cPNEC
_dDLC
050 0 0 _aQA76.9.D3
_bY39 1998
082 0 0 _a005.74068 YAZ
_221
100 1 _aYazdani, Sima.
245 1 0 _aData warehousing with Oracle : an administrator's handbook /
_cSima Yazdani, Shirley S. Wong.
260 _aUpper Saddle River, NJ :
_bPrentice Hall,
_cc1998.
300 _axviii, 365 p. :
_bill. ;
_c24 cm.
504 _aIncludes bibliographical references (p. 345-347) and index.
630 0 0 _aOracle (Computer file)
650 0 _aDatabase management.
650 0 _aData warehousing.
_xComputer, MIS
700 1 _aWong, Shirley S.,
_d1943-
856 _uhttp://www.amazon.com/Data-Warehousing-Oracle-Administrators-Handbook/dp/0135705576/ref=sr_1_1?s=books&ie=UTF8&qid=1417088105&sr=1-1&keywords=0135705576
906 _a7
_bcbc
_corignew
_d1
_eocip
_f19
_gy-gencatlg
942 _2ddc
_cBK
999 _c62017
_d62017